MARC

LEADER 00000nam0a2200000 4500
001 281599
005 20231101235422.0
020 |a RU  |b 86-73382 
035 |a (RuTPU)RU\TPU\book\305408 
090 |a 281599 
100 |a 20150123d1986 m y0rusy5003 ca 
101 0 |a rus 
102 |a RU 
105 |a y z 000zy 
200 1 |a Горячий пепел : документальная повесть, репортажи и очерки  |f В. В. Овчинников 
210 |a Москва  |c Правда  |d 1986 
215 |a 494 с. 
606 1 |a Милитаризм  |2 stltpush  |3 (RuTPU)RU\TPU\subj\43882  |9 63323 
606 1 |a Экономические кризисы  |x Мировая экономика  |2 stltpush  |3 (RuTPU)RU\TPU\subj\69321  |9 84232 
610 1 |a международные отношения 
610 1 |a гонка вооружений 
610 1 |a атомное оружие 
610 1 |a Япония 
610 1 |a Англия 
610 1 |a США 
610 1 |a Индия 
610 1 |a безопасность 
686 |a Ф4(0,8)0  |2 rubbk 
686 |a У50  |2 rubbk 
700 1 |a Овчинников  |b В. В.  |g Всеволод Владимирович 
801 0 |a RU  |b RuMRKP  |c 19950704  |g psbo 
801 1 |a RU  |b 63413507  |c 20150123 
801 2 |a RU  |b 63413507  |c 20170512  |g RCR 
942 |c BK